[Event "NSV Open-ch Rapid 2019"]
[Site "Lueneburg"]
[Date "2019.08.04"]
[Round "6.15"]
[White "Becker, Martin Alexander"]
[Black "Langer, Michael S."]
[Result "1/2-1/2"]
[WhiteElo "2373"]
[BlackElo "1911"]
[Annotator "TA"]
[PlyCount "77"]
[EventDate "2019.08.03"]
[EventType "swiss"]
[EventCountry "GER"]
[SourceTitle "playchess.com"]
[Source "ChessBase"]
[SourceQuality "1"]

{[%evp 10,77,16,0,8,-84,11,-47,-37,-156,0,8,16,17,20,21,22,0,82,-67,-46,-42,-19,-54,-28,-29,0,-7,-8,0,39,33,39,30,103,0,80,-39,-34,-45,-37,-91,-92,-99,-67,-91,-90,-103,-24,-68,0,-89,-79,-119,-123,-130,-130,-209,0,0,0,0,0,0,70,75,116,109,668,40]} 1. e4 c6 2. d4 d5 3. e5 c5 4. c3 Nc6 5. Nf3 Bg4 6. Be2 e6 {B12: Caro-Kann: Advance Variation} 7. h3 (7. O-O $11 {keeps the balance.}) (7. Nbd2 Rc8 8. O-O a6 9. h3 Bh5 10. Re1 Bg6 11. Nf1 cxd4 12. Nxd4 Nxd4 13. Qxd4 Ne7 14. Bg5 {0-1 (36) Yuffa,D (2534)-Romanov,E (2619) Sochi 2016}) 7... Bh5 ({Better is} 7... Bxf3 $1 $17 8. Bxf3 cxd4 9. cxd4 Qb6) 8. Bg5 $146 (8. O-O $11) ({Predecessor:} 8. Nbd2 Qb6 9. O-O cxd4 10. cxd4 Bg6 11. Nb3 Rc8 12. Bd2 Nge7 13. Rc1 h5 14. h4 {1-0 (25) Arslan,T (1398)-Saraloglu,Y (1143) Antalya 2019}) 8... Qb6 $15 {Black is slightly better.} 9. Qd2 (9. Nbd2 $15) 9... Bg6 $2 (9... Bxf3 $1 $17 10. Bxf3 cxd4 11. cxd4 Qxd4 12. Qxd4 Nxd4) 10. O-O $11 cxd4 11. cxd4 Nge7 12. Nc3 Nf5 {[%cal Rf5d4]} 13. Bb5 Bb4 {[#]} (13... h6 $11 14. Bf4 Be7) 14. a4 (14. Nxd5 $1 $16 {Strongly threatening Bxc6+.} Qxb5 15. Nc7+ {[%mdl 64] Double Attack} Kd7 16. Nxb5 Bxd2 17. Bxd2) 14... O-O {[%cal Rf5d4]} 15. Bxc6 Qxc6 16. Rfc1 Qd7 (16... h6 $5 {[%cal Rh6g5]} 17. Bf4 Qb6 $15) 17. Qe2 Rac8 18. Qb5 Qxb5 19. axb5 Bxc3 (19... h6 {seems wilder.} 20. Bd2 a5 21. bxa6 bxa6 22. Rxa6 Rb8) 20. bxc3 Ra8 21. g4 Nh6 (21... f6 $11) 22. Be7 (22. Nd2 $16) 22... Rfc8 (22... Rfe8 $1 $11 23. Bb4 Bd3) 23. Bc5 (23. Ne1 $16) 23... b6 $1 $15 {[%cal Rb6c5]} 24. Bb4 Bd3 25. Kg2 ({White should play} 25. c4 $15) 25... Bxb5 $17 26. Kg3 Bc4 27. Nd2 a5 28. Bd6 b5 (28... Ba6 $17 29. Ra3 Rc6) 29. Ra3 f6 (29... Bd3 $1 $15) 30. Rca1 (30. Nxc4 $11 Rxc4 31. Rb1) 30... a4 31. Nxc4 Rxc4 32. Rb1 fxe5 33. dxe5 {[#]} (33. Bxe5 $17 Ra5 34. Bd6) 33... Rac8 $2 (33... Ra5 $1 $19 {White must now prevent ...Nf7.} 34. f4 Nf7) 34. Rxb5 $11 Rxc3+ 35. Rxc3 Rxc3+ 36. Kg2 Rb3 ({Black should try} 36... Rc8 $11) 37. Ra5 $14 g6 38. Rxa4 Nf7 $2 {[%mdl 8192]} (38... d4 $16) 39. f4 $2 {Accuracy: White = 21%, Black = 28%.} ({White has to play} 39. Ra8+ $18 Kg7 40. Bf8+ Kg8 41. Bh6+ Nd8 42. Rxd8+ Kf7 43. Rd7+ Ke8 44. Rxh7) 1/2-1/2

[Event "NSV Open-ch Rapid 2019"]
[Site "Lueneburg"]
[Date "2019.08.04"]
[Round "6.16"]
[White "Kolhoff, Manfred"]
[Black "Doederlein, Etienne"]
[Result "1-0"]
[WhiteElo "1616"]
[BlackElo "1868"]
[Annotator "NA RC"]
[PlyCount "108"]
[EventDate "2019.08.03"]
[EventType "swiss"]
[EventCountry "GER"]
[SourceTitle "playchess.com"]
[Source "ChessBase"]
[SourceQuality "1"]
[TimeControl "600+5"]

1. e4 {[%emt 0:00:00]} Nf6 {[%emt 0:00:00]} 2. e5 {[%emt 0:00:00]} Nd5 {[%emt 0:00:00]} 3. d4 {[%emt 0:00:00]} d6 {[%emt 0:00:01]} 4. c4 {[%emt 0:00:00]} Nb6 {[%emt 0:00:01]} 5. exd6 {[%emt 0:00:02]} exd6 {[%emt 0:00:03]} 6. Nf3 {[%emt 0:00:04]} Bg4 {[%emt 0:00:05]} 7. Qb3 {[%emt 0:00:29]} Bxf3 {[%emt 0:00:07]} 8. Qxf3 {[%emt 0:00:04]} Qe7+ {[%emt 0:00:37]} 9. Be3 {[%emt 0:00:04]} c6 {[%emt 0:00:06]} 10. Nc3 {[%emt 0:00:03]} g6 {[%emt 0:00:05]} 11. Be2 {[%emt 0:00:04]} Bg7 {[%emt 0:00:01]} 12. Rd1 {[%emt 0:00:02]} O-O {[%emt 0:00:05]} 13. O-O {[%emt 0:00:02]} N8d7 {[%emt 0:00:16]} 14. Rfe1 {[%emt 0:00:01]} Rfe8 {[%emt 0:00:54]} 15. h3 {[%emt 0:00:09]} Nf6 {[%emt 0:00:49]} 16. Kf1 {[%emt 0:00:10]} Ne4 {[%emt 0:00:30]} 17. Bd3 {[%emt 0:00:08]} Nxc3 {[%emt 0:00:10]} 18. bxc3 {[%emt 0:00:02]} Qf6 {[%emt 0:00:29]} 19. Qg3 {[%emt 0:00:15]} Qd8 {[%emt 0:00:28]} 20. Bf4 {[%emt 0:00:06]} d5 {[%emt 0:00:22]} 21. c5 {[%emt 0:00:05]} Nc4 {[%emt 0:00:23]} 22. Bxc4 {[%emt 0:00:04]} dxc4 {[%emt 0:00:01]} 23. Bd6 {[%emt 0:01:02]} Qa5 {[%emt 0:00:26]} 24. Rxe8+ {[%emt 0:09:04]} Rxe8 {[%emt 0:06:01]} 25. Ra1 {[%emt 0:00:00]} Qa3 {[%emt 0:00:00]} 26. Bf4 {[%emt 0:00:00]} Qb2 {[%emt 0:00:00]} 27. Rc1 {[%emt 0:00:00]} Qxa2 {[%emt 0:00:00]} 28. Qg4 {[%emt 0:00:00]} Re6 {[%emt 0:00:00]} 29. Qg5 {[%emt 0:00:00]} Qa5 {[%emt 0:00:00]} 30. Be3 {[%emt 0:00:00]} Qc7 {[%emt 0:00:00]} 31. Ra1 {[%emt 0:00:00]} a6 {[%emt 0:00:00]} 32. Qg4 {[%emt 0:00:00]} f5 {[%emt 0:00:00]} 33. Qe2 {[%emt 0:00:00]} Qh2 {[%emt 0:00:00]} 34. Qxc4 {[%emt 0:00:00]} Kf7 {[%emt 0:00:00]} 35. Ra3 {[%emt 0:00:00]} Qh1+ {[%emt 0:00:00]} 36. Ke2 {[%emt 0:00:00]} Qxg2 {[%emt 0:00:00]} 37. Rb3 {[%emt 0:00:00]} f4 {[%emt 0:00:00]} 38. Rxb7+ {[%emt 0:00:00]} Kf6 {[%emt 0:00:00]} 39. Rxg7 {[%emt 0:00:00]} Rxe3+ {[%emt 0:00:00]} 40. Kd1 {[%emt 0:00:00]} Qg1+ {[%emt 0:00:00]} 41. Kc2 {[%emt 0:00:00]} Qxf2+ {[%emt 0:01:25]} 42. Kb3 Kxg7 {[%emt 0:00:00]} 43. Qxa6 {[%emt 0:00:00]} Re2 {[%emt 0:00:00]} 44. Qb7+ {[%emt 0:00:00]} Kh6 {[%emt 0:00:00]} 45. Qf7 {[%emt 0:00:00]} Rb2+ {[%emt 0:00:00]} 46. Ka3 {[%emt 0:00:00]} Ra2+ {[%emt 0:00:00]} 47. Qxa2 {[%emt 0:00:00]} Qxa2+ {[%emt 0:00:00]} 48. Kxa2 {[%emt 0:00:00]} Kg5 {[%emt 0:00:00]} 49. d5 {[%emt 0:00:00]} cxd5 {[%emt 0:00:40]} 50. c6 f3 {[%emt 0:00:00]} 51. c7 {[%emt 0:00:00]} f2 {[%emt 0:00:00]} 52. c8=Q {[%emt 0:00:00]} f1=Q {[%emt 0:00:00]} 53. Qd8+ {[%emt 0:00:00]} Kh6 {[%emt 0:00:00]} 54. Qxd5 {[%emt 0:00:00]} Qg2+ {[%emt 0:00:00]} 1-0

[Event "NSV Open-ch Rapid 2019"]
[Site "Lueneburg"]
[Date "2019.08.04"]
[Round "6.17"]
[White "Egelriede, Nikolas"]
[Black "Martinez Martin, David"]
[Result "1-0"]
[WhiteElo "1865"]
[BlackElo "2388"]
[Annotator "TA"]
[PlyCount "59"]
[EventDate "2019.08.03"]
[EventType "swiss"]
[EventCountry "GER"]
[SourceTitle "playchess.com"]
[Source "ChessBase"]
[SourceQuality "1"]

{[%evp 9,59,-26,-27,-141,-135,-127,-124,-126,-86,-102,-100,-96,55,14,35,40,275,233,218,230,245,245,268,104,110,97,240,238,291,282,296,298,279,294,395,426,475,443,536,531,29995,481,29994,598,603,601,621,638,672,541,561,502]} 1. e4 e5 2. Nf3 Nc6 3. Nc3 Nf6 4. d4 exd4 5. Nd5 Nb4 (5... Be7 6. Bc4 d6 7. Nxd4 Nxd4 8. Qxd4 Nxd5 9. Bxd5 O-O 10. O-O c6 11. Bb3 Be6 12. Qd3 Bf6 13. c3 Bxb3 14. axb3 Qe7 15. Bf4 Rfe8 16. f3 Be5 17. Be3 d5 18. exd5 Bxc3 19. bxc3 Qxe3+ 20. Qxe3 Rxe3 21. dxc6 bxc6 {½-½ (41) Robson,R (2614)-Onischuk,A (2660) Saint Louis 2012}) 6. Nxb4 {C47: Scotch Four Knights and Four Knights with 4 g3} (6. Nxd4 $11 {remains equal.} Nxe4 7. Qg4 Nxd5 8. Qxe4+ {[%mdl 64] Double Attack} Qe7 9. Bd3) 6... Bxb4+ $17 7. Bd2 Qe7 8. e5 $146 {Black is better.} ({Predecessor:} 8. c3 Qxe4+ 9. Qe2 Qxe2+ 10. Bxe2 dxc3 11. bxc3 Bc5 12. O-O O-O 13. Rfe1 {½-½ (36) Rusch,J (1425)-Beier,N (1393) Willingen 2009}) 8... O-O 9. Bc4 Ng4 10. O-O Nxe5 $2 ({Better is} 10... Bxd2 $17 11. Qxd2 Nxe5 12. Nxe5 Qxe5) 11. Nxe5 (11. Re1 {seems wilder.} Nxf3+ 12. Qxf3 Qd6 13. Bxf7+ Kh8 14. Bxb4 Qxb4 15. Rad1) 11... Bxd2 12. Nxf7 Rxf7 $2 (12... Qc5 $14 13. Nd6+ Kh8 14. Nf7+ Kg8 15. Nd6+ Kh8 16. Nf7+ Kg8) 13. Bxf7+ Qxf7 14. Qxd2 c5 15. Rfe1 b6 {[#]} 16. Re2 $2 (16. Qg5 $1 $18 {[%cal Rg5d8]} h6 17. Qd8+ Kh7 18. Re7) 16... Ba6 $16 17. Re4 d5 (17... Bb7 $16 18. Rf4 Qg6) 18. Re5 $1 $18 Rf8 19. Rae1 Bc8 20. Re7 Qf6 21. Rxa7 Bf5 22. Ree7 Be4 23. f3 Kh8 24. Rxg7 Bg6 {[#]} 25. Rge7 (25. Qh6 $142 $1 Rf7 26. Rgxf7 Qxf7 27. Rxf7 Bxf7 28. Qf8+ {[%mdl 64] Double Attack} Bg8 29. Qf6#) 25... d3 {[#]} (25... Bf7 $18 26. a4 Bg8) 26. cxd3 (26. Qh6 $142 $1 Qxe7 27. Rxe7 Rg8 28. Qg5 Bf7 29. Qe5+ Rg7 30. Rxf7 dxc2 31. Qxg7#) 26... Qd4+ {White is clearly winning.} 27. Qf2 Qxd3 28. h3 Qf5 29. Reb7 Qf6 30. Ra6 {Accuracy: White = 49%, Black = 16%.} 1-0

[Event "NSV Open-ch Rapid 2019"]
[Site "Lueneburg"]
[Date "2019.08.04"]
[Round "6.18"]
[White "Wirries, Frank-Michael"]
[Black "Rempe, Jonas"]
[Result "0-1"]
[WhiteElo "1858"]
[BlackElo "1839"]
[Annotator "NA RC"]
[PlyCount "61"]
[EventDate "2019.08.03"]
[EventType "swiss"]
[EventCountry "GER"]
[SourceTitle "playchess.com"]
[Source "ChessBase"]
[SourceQuality "1"]
[TimeControl "600+5"]

1. e4 {[%emt 0:00:00]} e5 {[%emt 0:00:00]} 2. Nc3 {[%emt 0:00:00]} Nf6 {[%emt 0:00:00]} 3. Bc4 {[%emt 0:00:06]} Nxe4 {[%emt 0:00:00]} 4. Qh5 {[%emt 0:00:02]} Nd6 {[%emt 0:00:00]} 5. Bb3 {[%emt 0:00:03]} Be7 {[%emt 0:00:08]} 6. Nf3 {[%emt 0:00:38]} O-O {[%emt 0:00:22]} 7. Nxe5 {[%emt 0:00:16]} Nc6 {[%emt 0:10:05]} 8. Nd5 {[%emt 0:01:27]} Bf6 {[%emt 0:00:00]} 9. Ng4 {[%emt 0:01:10]} Be5 {[%emt 0:00:00]} 10. Nxe5 {[%emt 0:01:12]} Nxe5 {[%emt 0:00:00]} 11. O-O {[%emt 0:00:03]} Ng6 {[%emt 0:00:00]} 12. d4 {[%emt 0:00:16]} c6 {[%emt 0:00:00]} 13. Bg5 {[%emt 0:00:04]} Qa5 {[%emt 0:00:00]} 14. Bf4 {[%emt 0:01:47]} Nb5 {[%emt 0:00:00]} 15. c4 {[%emt 0:00:51]} cxd5 {[%emt 0:00:00]} 16. cxb5 {[%emt 0:00:01]} Nxf4 {[%emt 0:00:45]} 17. Qf3 {[%emt 0:00:32]} Ne6 {[%emt 0:00:00]} 18. Qxd5 {[%emt 0:00:30]} Nc7 {[%emt 0:00:00]} 19. Qe4 {[%emt 0:00:24]} Nxb5 {[%emt 0:00:00]} 20. Rfe1 {[%emt 0:00:10]} Nd6 {[%emt 0:00:00]} 21. Qe7 {[%emt 0:00:16]} Qb4 {[%emt 0:00:00]} 22. Re5 {[%emt 0:00:13]} a5 {[%emt 0:00:00]} 23. Rae1 {[%emt 0:00:23]} b6 {[%emt 0:00:00]} 24. Rd5 {[%emt 0:00:13]} Nb7 {[%emt 0:00:00]} 25. Qe4 {[%emt 0:00:34]} a4 {[%emt 0:00:00]} 26. Bc2 {[%emt 0:00:02]} f5 {[%emt 0:00:00]} 27. Qe2 {[%emt 0:00:14]} Nd6 {[%emt 0:00:00]} 28. a3 {[%emt 0:00:24]} Qxb2 {[%emt 0:00:22]} 29. Rxd6 {[%emt 0:00:02]} Ba6 {[%emt 0:00:01]} 30. Bb3+ {[%emt 0:00:11]} Qxb3 {[%emt 0:00:03]} 31. Qf1 {[%emt 0:00:31]} 0-1

[Event "NSV Open-ch Rapid 2019"]
[Site "Lueneburg"]
[Date "2019.08.04"]
[Round "6.19"]
[White "Dralle, Hannes"]
[Black "Weidenhoefer, Max"]
[Result "1-0"]
[WhiteElo "1732"]
[BlackElo "1805"]
[Annotator "NA RC"]
[PlyCount "29"]
[EventDate "2019.08.03"]
[EventType "swiss"]
[EventCountry "GER"]
[SourceTitle "playchess.com"]
[Source "ChessBase"]
[SourceQuality "1"]
[TimeControl "600+5"]

1. e4 {[%emt 0:00:00]} c6 {[%emt 0:00:00]} 2. d4 {[%emt 0:00:00]} d5 {[%emt 0:00:00]} 3. exd5 {[%emt 0:00:00]} cxd5 {[%emt 0:00:00]} 4. c4 {[%emt 0:00:02]} Nf6 {[%emt 0:00:00]} 5. Nc3 {[%emt 0:00:01]} Nc6 {[%emt 0:00:00]} 6. Bg5 {[%emt 0:00:03]} dxc4 {[%emt 0:00:25]} 7. Bxc4 {[%emt 0:00:01]} Qxd4 {[%emt 0:00:25]} 8. Qxd4 Nxd4 9. O-O-O {[%emt 0:00:06]} Nc6 {[%emt 0:00:17]} 10. Nb5 {[%emt 0:00:12]} Bd7 {[%emt 0:01:49]} 11. Nc7+ {[%emt 0:00:05]} Kd8 {[%emt 0:00:01]} 12. Nxa8 {[%emt 0:00:03]} Ne4 {[%emt 0:00:12]} 13. Bh4 {[%emt 0:00:18]} Nd6 {[%emt 0:00:13]} 14. Rxd6 {[%emt 0:00:11]} g5 {[%emt 0:01:08]} 15. Bxg5 {[%emt 0:00:19]} 1-0

[Event "NSV Open-ch Rapid 2019"]
[Site "Lueneburg"]
[Date "2019.08.04"]
[Round "6.20"]
[White "Harnack, Bernhard"]
[Black "Mundt, Alexandra"]
[Result "0-1"]
[WhiteElo "1712"]
[BlackElo "1756"]
[Annotator "NA RC"]
[PlyCount "121"]
[EventDate "2019.08.03"]
[EventType "swiss"]
[EventCountry "GER"]
[SourceTitle "playchess.com"]
[Source "ChessBase"]
[SourceQuality "1"]
[TimeControl "600+5"]

1. d3 {[%emt 0:00:01]} d5 {[%emt 0:00:00]} 2. Nf3 {[%emt 0:00:03]} Nc6 {[%emt 0:00:00]} 3. g3 {[%emt 0:00:02]} e5 {[%emt 0:00:01]} 4. Bg2 {[%emt 0:00:02]} f5 {[%emt 0:00:08]} 5. O-O {[%emt 0:00:15]} Nf6 {[%emt 0:00:01]} 6. d4 {[%emt 0:00:17]} e4 {[%emt 0:00:09]} 7. Ne5 {[%emt 0:00:02]} Nxe5 {[%emt 0:00:13]} 8. dxe5 {[%emt 0:00:02]} Ng4 {[%emt 0:00:02]} 9. Nc3 {[%emt 0:00:39]} c6 {[%emt 0:00:15]} 10. e3 {[%emt 0:00:30]} Nxe5 {[%emt 0:00:19]} 11. Qh5+ {[%emt 0:00:03]} g6 {[%emt 0:00:23]} 12. Qe2 {[%emt 0:00:02]} Bg7 {[%emt 0:00:07]} 13. f3 {[%emt 0:00:21]} O-O {[%emt 0:00:18]} 14. Bd2 {[%emt 0:00:23]} Be6 {[%emt 0:00:55]} 15. Rf2 {[%emt 0:00:02]} Nc4 {[%emt 0:01:04]} 16. Rb1 {[%emt 0:00:17]} Qe7 {[%emt 0:02:57]} 17. a3 {[%emt 0:00:21]} Rad8 {[%emt 0:00:10]} 18. Be1 {[%emt 0:01:04]} d4 {[%emt 0:00:17]} 19. exd4 {[%emt 0:00:07]} Bxd4 {[%emt 0:00:02]} 20. Nd1 {[%emt 0:00:18]} Bd5 {[%emt 0:01:02]} 21. c3 {[%emt 0:00:01]} Bxf2+ {[%emt 0:00:07]} 22. Bxf2 {[%emt 0:00:03]} Rfe8 {[%emt 0:01:01]} 23. f4 {[%emt 0:00:23]} Bf7 {[%emt 0:01:07]} 24. Ne3 {[%emt 0:00:32]} Rd2 {[%emt 0:00:17]} 25. Qe1 {[%emt 0:00:17]} Red8 {[%emt 0:00:02]} 26. Nxc4 {[%emt 0:00:07]} Bxc4 {[%emt 0:00:01]} 27. Bd4 {[%emt 0:00:07]} Bd3 {[%emt 0:00:27]} 28. Qxd2 {[%emt 0:00:10]} Bxb1 {[%emt 0:00:02]} 29. Qe1 {[%emt 0:00:25]} Bd3 {[%emt 0:00:12]} 30. Qe3 {[%emt 0:00:13]} b6 {[%emt 0:00:12]} 31. b4 {[%emt 0:00:04]} Qf7 {[%emt 0:00:09]} 32. a4 {[%emt 0:00:05]} Qa2 {[%emt 0:00:04]} 33. Qc1 {[%emt 0:00:39]} Qxa4 {[%emt 0:00:08]} 34. h3 {[%emt 0:00:03]} Qc2 {[%emt 0:00:03]} 35. Qa1 {[%emt 0:00:07]} Rd7 {[%emt 0:00:06]} 36. g4 {[%emt 0:00:13]} Qb1+ {[%emt 0:00:04]} 37. Qxb1 {[%emt 0:00:04]} Bxb1 {[%emt 0:00:02]} 38. Kf2 {[%emt 0:00:13]} Bc2 {[%emt 0:00:10]} 39. Ke3 {[%emt 0:00:03]} Bd1 {[%emt 0:00:05]} 40. g5 {[%emt 0:00:03]} Kf7 {[%emt 0:00:02]} 41. h4 {[%emt 0:00:03]} Ke6 {[%emt 0:00:02]} 42. Bf1 {[%emt 0:00:03]} Rb7 {[%emt 0:00:21]} 43. Bc4+ {[%emt 0:00:03]} Ke7 {[%emt 0:00:08]} 44. Bf6+ {[%emt 0:00:12]} Kf8 {[%emt 0:00:05]} 45. Ba6 {[%emt 0:00:03]} Rd7 {[%emt 0:00:05]} 46. Bc4 {[%emt 0:00:32]} Ba4 {[%emt 0:00:03]} 47. Be5 {[%emt 0:00:12]} Rd1 {[%emt 0:00:08]} 48. Be2 {[%emt 0:00:16]} Rh1 {[%emt 0:00:06]} 49. Bd6+ {[%emt 0:00:08]} Ke8 {[%emt 0:00:03]} 50. h5 {[%emt 0:00:19]} gxh5 {[%emt 0:00:03]} 51. Kf2 {[%emt 0:00:04]} Bb3 {[%emt 0:00:04]} 52. Kg2 {[%emt 0:00:05]} Rc1 {[%emt 0:00:04]} 53. Be5 {[%emt 0:00:02]} Rc2 {[%emt 0:00:03]} 54. Kf1 {[%emt 0:00:05]} h4 {[%emt 0:00:04]} 55. Bd1 {[%emt 0:00:05]} Bc4+ {[%emt 0:00:03]} 56. Ke1 {[%emt 0:00:03]} Ra2 {[%emt 0:00:05]} 57. Bh5+ {[%emt 0:00:11]} Kd7 {[%emt 0:00:07]} 58. g6 {[%emt 0:00:11]} hxg6 {[%emt 0:00:01]} 59. Bxg6 {[%emt 0:00:01]} Be6 {[%emt 0:00:08]} 60. Bh5 {[%emt 0:00:06]} h3 {[%emt 0:00:02]} 61. Be2 {[%emt 0:00:02]} 0-1

[Event "NSV Open-ch Rapid 2019"]
[Site "Lueneburg"]
[Date "2019.08.04"]
[Round "6.21"]
[White "Serrer, David"]
[Black "Marzik, Arne"]
[Result "1-0"]
[WhiteElo "1516"]
[BlackElo "1366"]
[Annotator "NA RC"]
[PlyCount "37"]
[EventDate "2019.08.03"]
[EventType "swiss"]
[EventCountry "GER"]
[SourceTitle "playchess.com"]
[Source "ChessBase"]
[SourceQuality "1"]
[TimeControl "600+5"]

1. c4 {[%emt 0:00:00]} Nf6 {[%emt 0:00:00]} 2. Nf3 {[%emt 0:00:00]} e6 {[%emt 0:00:03]} 3. e3 {[%emt 0:00:18]} c5 {[%emt 0:00:04]} 4. a3 {[%emt 0:00:05]} Nc6 {[%emt 0:00:15]} 5. d4 {[%emt 0:00:04]} b6 {[%emt 0:00:23]} 6. g3 {[%emt 0:00:08]} Bb7 {[%emt 0:00:01]} 7. Bg2 {[%emt 0:00:01]} Be7 {[%emt 0:00:01]} 8. O-O {[%emt 0:00:04]} O-O {[%emt 0:00:02]} 9. Ne5 {[%emt 0:00:08]} Rb8 {[%emt 0:00:51]} 10. Nxc6 {[%emt 0:00:20]} Bxc6 {[%emt 0:00:02]} 11. d5 {[%emt 0:00:07]} exd5 {[%emt 0:00:24]} 12. cxd5 {[%emt 0:00:02]} Bb5 {[%emt 0:00:54]} 13. d6 {[%emt 0:00:57]} Bxf1 {[%emt 0:01:04]} 14. dxe7 {[%emt 0:00:04]} Qxe7 {[%emt 0:00:02]} 15. Kxf1 {[%emt 0:00:16]} Rfd8 {[%emt 0:00:10]} 16. Nc3 {[%emt 0:00:04]} Qe6 {[%emt 0:00:52]} 17. e4 {[%emt 0:00:45]} b5 {[%emt 0:02:25]} 18. Bf4 {[%emt 0:00:24]} Rb6 {[%emt 0:00:39]} 19. Bc7 {[%emt 0:00:11]} 1-0

[Event "NSV Open-ch Rapid 2019"]
[Site "Lueneburg"]
[Date "2019.08.04"]
[Round "6.22"]
[White "Marzik, Hans"]
[Black "Guo, Philipp Ziming"]
[Result "1-0"]
[WhiteElo "2105"]
[BlackElo "1728"]
[Annotator "TA"]
[PlyCount "97"]
[EventDate "2019.08.03"]
[EventType "swiss"]
[EventCountry "GER"]
[SourceTitle "playchess.com"]
[Source "ChessBase"]
[SourceQuality "1"]

{[%evp 15,97,35,66,36,75,72,134,100,168,181,189,148,158,160,233,195,228,233,224,239,292,285,306,298,359,356,427,356,364,274,322,320,395,393,403,402,400,391,381,389,579,555,1061,1045,996,525,520,519,517,514,512,0,541,556,761,691,1261,1264,1294,1264,1181,1102,1786,1675,1903,1722,29982,29983,29983,29984,29984,29985,29985,29985,29985,29986,29985,29985,29984,29985,29985,29985,29985,29984]} 1. d4 Nf6 2. c4 e6 3. Nf3 b6 4. a3 Bb7 5. Nc3 Be7 6. d5 O-O 7. e4 d6 8. Be2 Nbd7 9. O-O {E12: Queen's Indian: Unusual White 4th moves, 4 a3, 4 Nc3 Bb7 5 a3 and 4 Nc3 Bb7} exd5 (9... a5 10. Be3 Ng4 11. Bd2 Bf6 12. Ne1 Nge5 13. Rc1 Ng6 14. b4 axb4 15. axb4 c5 16. dxc6 Bxc6 {0-1 (57) Smeets,J (2643)-Bartel,M (2619) Biel 2013}) 10. cxd5 a5 (10... c6 $142) 11. Qc2 {White is clearly better.} Ba6 $146 (11... c6 $16) ({Predecessor:} 11... Re8 12. Re1 Nc5 13. Bb5 Nfd7 14. Bd2 Bf6 15. Rab1 Re7 16. b4 axb4 17. axb4 {1-0 (26) Burnett,J (2187)-Brown,A (2133) West Bromwich 2003}) 12. Bxa6 $18 Rxa6 13. Bf4 Nh5 14. Be3 g6 (14... Bf6 $16 15. Nb5 Nc5) 15. Rac1 Ne5 16. Nxe5 dxe5 17. Nb5 Bd6 18. Nxc7 Bxc7 19. Qxc7 Qxc7 20. Rxc7 f5 21. exf5 gxf5 22. Rc6 f4 23. Bxb6 Rb8 24. Bc7 Rxc6 25. dxc6 {[%mdl 4096] Endgame KRB-KRN} Rc8 26. Bxa5 {[#] Threatens to win with c7.} Rxc6 27. Bc3 Rc5 (27... Nf6 $142 28. Bxe5 Nd5) 28. Re1 Ng7 29. Rxe5 Rc4 30. f3 Kf7 31. g3 Ne6 32. Rf5+ Ke7 33. Re5 $2 {[#]} ({White should try} 33. Rh5 $18) 33... Kd6 $2 {[%mdl 8192]} (33... Kf7 $1 $11 {and Black stays safe.} 34. Rf5+ Kg8) 34. Re4 Rxe4 35. fxe4 fxg3 36. hxg3 {KB-KN} Ng5 37. e5+ Ke6 38. Kg2 Ne4 39. Kf3 Nc5 40. b4 Na4 41. Bd4 {White mates.} Kd5 42. Ke3 h6 43. Kd3 h5 44. Ke3 Ke6 45. Ke4 Ke7 46. Kd5 Kd7 47. Kc4 Kc6 48. e6 Kd6 49. Kb5 {Accuracy: White = 72%, Black = 17%.} 1-0

[Event "NSV Open-ch Rapid 2019"]
[Site "Lueneburg"]
[Date "2019.08.04"]
[Round "6.25"]
[White "Schubert, Karl Heinz"]
[Black "Rick, Niklas Corvin"]
[Result "0-1"]
[WhiteElo "1335"]
[BlackElo "1444"]
[Annotator "NA RC"]
[PlyCount "60"]
[EventDate "2019.08.03"]
[EventType "swiss"]
[EventCountry "GER"]
[SourceTitle "playchess.com"]
[Source "ChessBase"]
[SourceQuality "1"]
[TimeControl "600+5"]

1. e4 {[%emt 0:00:00]} d5 {[%emt 0:00:00]} 2. exd5 {[%emt 0:00:01]} Nf6 {[%emt 0:00:00]} 3. Nc3 {[%emt 0:00:06]} Nxd5 {[%emt 0:00:12]} 4. Bc4 {[%emt 0:00:01]} Nxc3 {[%emt 0:00:06]} 5. bxc3 {[%emt 0:00:03]} Bf5 {[%emt 0:00:11]} 6. Qf3 {[%emt 0:00:04]} e6 {[%emt 0:00:11]} 7. Qxb7 {[%emt 0:00:04]} Nd7 {[%emt 0:00:09]} 8. Nf3 {[%emt 0:00:14]} Bd6 {[%emt 0:00:57]} 9. O-O {[%emt 0:00:03]} O-O {[%emt 0:00:12]} 10. Bb2 {[%emt 0:00:13]} Rb8 {[%emt 0:00:20]} 11. Qa6 {[%emt 0:00:14]} Rxb2 {[%emt 0:00:10]} 12. Bd3 {[%emt 0:00:20]} Bxd3 {[%emt 0:00:16]} 13. Qxd3 {[%emt 0:00:02]} Qe7 {[%emt 0:00:14]} 14. c4 {[%emt 0:00:11]} Rd8 {[%emt 0:00:41]} 15. Qc3 {[%emt 0:00:03]} Rbb8 {[%emt 0:00:09]} 16. d4 {[%emt 0:00:03]} c5 {[%emt 0:00:12]} 17. d5 {[%emt 0:00:05]} exd5 {[%emt 0:00:31]} 18. Rae1 {[%emt 0:00:04]} Qf8 {[%emt 0:00:04]} 19. cxd5 {[%emt 0:00:03]} Nb6 {[%emt 0:00:14]} 20. Ng5 {[%emt 0:00:07]} Nxd5 {[%emt 0:00:50]} 21. Qd3 {[%emt 0:00:03]} Nf6 {[%emt 0:00:09]} 22. Re3 {[%emt 0:00:47]} Bxh2+ {[%emt 0:00:13]} 23. Kxh2 {[%emt 0:00:08]} Rxd3 {[%emt 0:00:02]} 24. Rxd3 {[%emt 0:00:06]} Rd8 {[%emt 0:00:13]} 25. Rh3 {[%emt 0:00:02]} Rd2 {[%emt 0:00:12]} 26. Kg3 {[%emt 0:00:13]} Qd6+ {[%emt 0:00:16]} 27. f4 {[%emt 0:00:01]} Rxc2 {[%emt 0:00:17]} 28. Rfh1 {[%emt 0:00:28]} Qd3+ {[%emt 0:00:13]} 29. Kh2 {[%emt 0:00:19]} Ng4+ {[%emt 0:00:03]} 30. Kg1 {[%emt 0:00:04]} Qd1# 0-1